| 000 | 00603nam a2200217 4500 | ||
|---|---|---|---|
| 005 | 20260312123127.0 | ||
| 008 | 260312b |||||||| |||| 00| 0 eng d | ||
| 020 | _a978-93-80704-66-1 | ||
| 041 | _aEnglish | ||
| 082 |
_27th ed 2011/RP 2025 _aPS 616.89 AHU B12427 _bAHU |
||
| 100 |
_aAhuja, Niraj _9217108 |
||
| 245 | _aShort Textbook of Psychiatry | ||
| 250 | _a7th ed. | ||
| 260 |
_aNew Delhi _bJaypee Brothers _c2011 |
||
| 300 |
_a261p _bPb _c24x18.5cm |
||
| 365 |
_aRupaye _b895 _cINR |
||
| 500 | _aPsychiatric | ||
| 650 |
_aPsychiatric _9217109 |
||
| 651 |
_aPsychiatric _9217110 |
||
| 942 | _cBB | ||
| 999 |
_c370715 _d370715 |
||